| 000 | 01801nam1a2200349 4500 | ||
|---|---|---|---|
| 001 | RU\NLR\BIBL_A\012596628 | ||
| 005 | 20211018123141.0 | ||
| 035 | _a(NLR Aleph) 012596628 | ||
| 090 |
_a12569032 _c12569032 |
||
| 100 | _a20210915g20219999k y0rusy50 ca | ||
| 101 | 0 | _arus | |
| 102 | _aRU | ||
| 105 | _a||||g|||||||| | ||
| 181 | 0 |
_ai _baxxe |
|
| 182 | 0 | _an | |
| 200 | 1 |
_aМарийский край в Первой мировой войне, 1914-1918 гг. _eмемориальная книга _fМарийский научно-исследовательский институт языка, литературы и истории им. В.М. Васильева [и др.] _gсоставители: А.Н. Кудрявцев, А.В. Соколов _gнаучный редактор: Е.П. Кузьмин, кандидат исторических наук |
|
| 203 |
_aТекст _bвизуальный _cнепосредственный |
||
| 210 |
_aЙошкар-Ола _cМарНИИЯЛИ _d2021 |
||
| 215 | _d26 | ||
| 333 | _a12+ | ||
| 606 | 1 |
_aПервая мировая война _z1914 - 1918 _yРоссия _jКниги памяти _2nlr_sh1 _2nlr_sh2 _3RU\NLR\AUTH\6659821 |
|
| 686 | 1 | _aЦ35(2)523 | |
| 702 | 1 |
_aКудрявцев _bА. Н. _4220 |
|
| 702 | 1 |
_aКузьмин _bЕ. П. _cканд. ист. наук _f1977- _gЕвгений Петрович _3RU\NLR\AUTH\770228644 _4340 |
|
| 712 | 0 | 2 |
_aМарийский НИИ языка, литературы и истории им. В. М. Васильева _cЙошкар-Ола _3RU\NLR\AUTH\889928664 _4570 |
| 852 |
_aNLR _jС 2021-4/50 |
||
| 942 | _cBOOK | ||
| 980 | _aNB | ||